Do jakiego państwa ma najbliżej ta stolica? #2 - Statystyki

Ogólne statystyki
  • Ten quiz został rozwiązany 187 razy
  • Średni wynik to 8 z 13
Statystyki odpowiedzi
Stolica km Państwo % Poprawnych
Madryt 272 Portugalia
100%
Warszawa 149 Białoruś
85%
Moskwa 409 Białoruś
79%
Brasilia 1100 Boliwia
74%
Canberra 1996 Nowa Zelandia
73%
Bangok 148 Mjanma
66%
Hawana 161 Stany Zjednoczone
63%
Trypolis 158 Tunezja
59%
Erywań 23 Turcja
56%
Teheran 291 Turkmenistan
44%
Sana 178 Arabia Saudyjska
43%
Luanda 320 Demokratyczna Republika Konga
39%
Harare 200 Mozambik
31%
Nie znaleziono quizów pasujących do podanych kryteriów
Rozkład punktacji
Procent ludzi z każdym wynikiem
Percentyl według liczby udzielonych odpowiedzi
Twoja historia wyników
Nie rozwiązałeś tego quizu